000 00508nam a2200193 i 4500
001 56960
003 ES-MaACL
005 20230906163503.0
007 t|
008 170327s2005 sp |||| | spa d
020 _a84-87302-19-X
080 _a821.134.2-14"19"
100 1 _aUrceloy, Jesús.
_9112102
245 1 0 _aBerenice
_b: poemas reunidos (1997-2005) /
_cJesús Urceloy.
250 _a1ª ed.
260 _aMadrid :
_bAmargord,
_c2005.
300 _a96 p. ;
_c19 cm.
852 _aES-MaACL
_jL-31318
999 _c56960
_d56960